Humanismo ambiental Terceras jornadas de reflexión (Registro nro. 34013)
[ vista simple ]
| 000 -ENCABEZADO | |
|---|---|
| Número de control [NR] | 01426nam a2200349Ia 4500 |
| 008 - DE LONGITUD FIJA DE DATOS DE ELEMENTOS - INFORMACIÓN GENERAL | |
| Elementos de longitud fija [NR] | 130821s2001 ag gr spa |
| 040 ## - FUENTE DE CATALOGACION [NR] | |
| Agencia de catalogación original [NR] | Co-BoUCM |
| Idioma de catalogación [NR] | spa |
| 041 00 - CODIGO DE IDIOMA [R] | |
| Código de idioma para texto/pista de sonido o título separado [R] | Español |
| 245 10 - MENCION DE TITULO [NR] | |
| Título [NR] | Humanismo ambiental Terceras jornadas de reflexión |
| Mención de responsabilidad, etc. [NR] | Zlata Drnas de Clement...[et al.] |
| 260 ## - PUBLICACION, DISTRIBUCION, ETC. (PIE DE IMPRENTA) [R] | |
| Lugar de publicación, distribución, etc. [R] | Argentina (América) |
| Nombre del editor, distribuidor, etc. [R] | Academia Nacional de Derecho y Ciencias Sociales de Córdoba |
| Fecha de publicación, distribución, etc. [R] | 2001 |
| 300 ## - DESCRIPCION FISICA [R] | |
| Extensión [R] | 162 páginas |
| 490 ## - MENCION DE SERIE [R] | |
| Mención de serie [R] | Ediciones de la Academia Nacional de Derecho y Ciencias Sociales de Córdoba |
| Designación numérica/secuencial del volumen [NR] | XXVI |
| 504 ## - NOTA DE BIBLIOGRAFIA, ETC. [R] | |
| Nota de bibliografía, etc. [NR] | |
| 650 04 - ASIENTO SECUNDARIO DE MATERIA - TERMINO TEMATICO [R] | |
| Término temático o nombre geográfico como elemento de entrada [NR] | Control ambiental |
| Subdivisión geográfica [R] | Argentina |
| 9 (RLIN) | 11860 |
| 650 04 - ASIENTO SECUNDARIO DE MATERIA - TERMINO TEMATICO [R] | |
| Término temático o nombre geográfico como elemento de entrada [NR] | Derecho ambiental |
| Subdivisión geográfica [R] | Argentina |
| 9 (RLIN) | 12703 |
| 650 04 - ASIENTO SECUNDARIO DE MATERIA - TERMINO TEMATICO [R] | |
| Término temático o nombre geográfico como elemento de entrada [NR] | Protección del medio ambiente |
| Subdivisión general [R] | Legislación |
| Subdivisión geográfica [R] | Argentina |
| 9 (RLIN) | 22643 |
| 700 ## - ASIENTO SECUNDARIO - NOMBRE PERSONAL [R] | |
| Nombre personal [NR] | Frías J., Pedro |
| 9 (RLIN) | 158644 |
| 700 ## - ASIENTO SECUNDARIO - NOMBRE PERSONAL [R] | |
| Nombre personal [NR] | Gilleta, Francísco I. |
| 9 (RLIN) | 158645 |
| 700 ## - ASIENTO SECUNDARIO - NOMBRE PERSONAL [R] | |
| Nombre personal [NR] | González Arzac, Felipe Agustín |
| 9 (RLIN) | 158646 |
| 700 ## - ASIENTO SECUNDARIO - NOMBRE PERSONAL [R] | |
| Nombre personal [NR] | Martínez Golleti, Luis |
| 9 (RLIN) | 158647 |
| 700 ## - ASIENTO SECUNDARIO - NOMBRE PERSONAL [R] | |
| Nombre personal [NR] | Martínez Victor H. |
| 9 (RLIN) | 157300 |
| 700 ## - ASIENTO SECUNDARIO - NOMBRE PERSONAL [R] | |
| Nombre personal [NR] | Martinoli, Jorge |
| 9 (RLIN) | 158648 |
| 700 ## - ASIENTO SECUNDARIO - NOMBRE PERSONAL [R] | |
| Nombre personal [NR] | Pedace, Eduardo A. |
| 9 (RLIN) | 158649 |
| 700 ## - ASIENTO SECUNDARIO - NOMBRE PERSONAL [R] | |
| Nombre personal [NR] | Pigretti, Eduardo A. |
| 9 (RLIN) | 97181 |
| 700 ## - ASIENTO SECUNDARIO - NOMBRE PERSONAL [R] | |
| Nombre personal [NR] | Rey Caro, Ernesto |
| 9 (RLIN) | 158650 |
| 700 ## - ASIENTO SECUNDARIO - NOMBRE PERSONAL [R] | |
| Nombre personal [NR] | Sabsay, Daniel A, |
| 9 (RLIN) | 158651 |
| 700 ## - ASIENTO SECUNDARIO - NOMBRE PERSONAL [R] | |
| Nombre personal [NR] | Salas, Gabriela R. |
| 9 (RLIN) | 158652 |
| 700 ## - ASIENTO SECUNDARIO - NOMBRE PERSONAL [R] | |
| Nombre personal [NR] | Williams, Silvia Maureen |
| 9 (RLIN) | 158653 |
| 700 ## - ASIENTO SECUNDARIO - NOMBRE PERSONAL [R] | |
| Nombre personal [NR] | Zeballos de Sisto, María Cristina |
| 9 (RLIN) | 158654 |
| 942 ## - ELEMENTOS DE ENTRADA AGREGADOS (KOHA) | |
| Tipo de ítem principal el descrito en 300a | Libro |
| Tema principal | Derecho |
| Edición | 1 |
| Parte restante de la signatura top. | H918 |
| Sistema de clasificación | DEWEY |
| Clasificación | 344.046 |
| Fecha de último préstamo | Total préstamos | Signatura topográfica | Código de barras | Última vez visto | Ejemplar | Price effective from | Tipo de ítem | Perdido | Sistema de clasificación | Dañado | No prestable | Tipo de ítem específico | Suprimido | Ubicación habitual | Ubicación actual | Localización | Fecha de creación | Forma de adquisición | Costo |
|---|---|---|---|---|---|---|---|---|---|---|---|---|---|---|---|---|---|---|---|
| 16/08/2013 | 10 | 344.046 H918 | 100057119 | 06/06/2024 | Ej.1 | 03/02/2013 | Libro | DEWEY | Libro | Bodega | Bodega | 3er piso | 28/02/2003 | Donación | 10000.00 |